Datum a čas kvízu
31
Celkem bodů
Celkový počet nahraných bodů na tomto kvízu bez doplňovacích otázek.
5.
Pořadí na kvízu
Konečné umístění týmu na tomto kvízu.
Zaznamenané odpovědi
| # | Otázka | Odpověď | Body | Výsledky |
|---|---|---|---|---|
| 1. | V České republice je aktuálně... | Olomouc | 1 | |
| 2. | Minulý týden se svět dozvěděl... | vydlabaná dýně | 1 | |
| 3. | Jedna hudební kapela způsobila... | Måneskin | 1 | |
| 4. | Minulý týden jsme očekávali st... | Artemis | 1 | |
| 5. | Česká basketbalová reprezentac... | Polsko, Srbsko | 0 | |
| 6. | V následujících otázkách se bu... | 793, Lindisfarne | 0 | |
| 7. | Klášter a zříceninu kláštera,... | Porta coeli, Rosa coeli | 0 | |
| 8. | Nyní si připomeneme klášterní... | novic, převor | 1 | |
| 9. | Rilský klášter patří k nejvýzn... | v Bulharsku | 0 | |
| 10. | Která známá osobnost byla v le... | Johann Gregor Mendel | 1 |